00538nam a2200157 a 450000100100000000500170001000800410002702000180006804000250008610000260011124500790013726000360021630000280025250000700028050400300035000003775320201002031117.0130305s2012 dr a 000 0 spa d a9789945164831 aDO-SdBNPbspacBNPHU1 aForestieri S. Rolando10aTres momentos estelares de la historia de Italia /cForestieri S. Rolando. aSanto Domingo :bBúho,c2012. a95 p. :bils. ;c23 cm. aIncluye datos biográficos del autor en la solapa de la cubierta aBibliografía : p. 93-95